Fluid mechanics & fluid machines basic concepts & principles (SI Units)

Saved in:
Bibliografiske detaljer
Hovedforfatter: KUMAR, Shiv
Format: Bog
Sprog:engelsk
Udgivet: Ane Books 2019
Tags: Tilføj Tag
Ingen Tags, Vær først til at tagge denne postø!

MARC

LEADER 00000nam a22000007a 4500
008 231012b |||||||| |||| 00| 0 eng d
020 |a 9789389212183 
100 |a KUMAR, Shiv 
245 |a Fluid mechanics & fluid machines  |b basic concepts & principles (SI Units)  |c /Shiv Kumar  |g xxx, 520p :ill 
260 |b Ane Books  |c 2019  |h New Delhi  |i 701449  |i 701450  |l QA901.K96  |m Fluid mechanics 
500 |a it includes index 
942 |a lcc  |c BK  |e Johnson  |f 12/10/23 
952 |0 0  |1 0  |2 lcc  |4 0  |6 QA0901 K96  |7 0  |9 4566  |a SL  |b HOL  |c QZ  |d 2023-10-12  |l 0  |o QA901.K96  |p 2023-0487  |r 2023-10-12 00:00:00  |t 701449  |w 2023-10-12  |y BK 
952 |0 0  |1 0  |2 lcc  |4 0  |6 QA0901 K96  |7 0  |9 4567  |a HOL  |b HOL  |c QZ  |d 2023-10-12  |l 0  |o QA901.K96  |p 2023-0488  |r 2023-10-12 00:00:00  |t 701450  |w 2023-10-12  |y BK 
999 |c 2290  |d 2290